000 00400pam a2200157a 44500
008 230515b2009 xxu||||| |||| 00| 0 eng d
020 _a0-07-110864-5
041 _aENGLISH
082 _a610.73
100 _aWILLIAM GOSSMAN,SHERYL GOSSMAN,SCOTT PIANTZ
245 _aEMERGENCY NURSING REVIEW
250 _a1
260 _a
_bMC. GRAW HILL.
_c2009
300 _a253
650 _aNURSING FOUNDATION
999 _c505954
_d505954